000
00276nam a22001337a 4500
020
_a
9788120343931
082
_a
339
100
_a
Gordon,Robert J
245
_a
Macroeconomics
250
_a
12th
260
_a
New Delhi
_b
PHI learning
_c
2011
300
_a
593
942
_c
BK
999
_c
2503
_d
2503